Clausura del curso internacional de arqueologia celebrado en Empurias
Publicado:
San Jorge, núm. 75 (3r trimestre 1969), pàg 48 :
MARC
| LEADER | 00000nam a2200000Ia 4500 | ||
|---|---|---|---|
| 001 | |||
| 008 | 160829s9999 xx 000 0 cat d | ||
| 245 | |a Clausura del curso internacional de arqueologia celebrado en Empurias | ||
| 260 | |a San Jorge, núm. 75 (3r trimestre 1969), pàg 48 | ||
| 650 | |a Prehistòria |9 31362 | ||
| 650 | 0 | |a Arqueologia |9 31236 | |
| 650 | |a Cursos |9 21408 | ||
| 901 | |a Arxiu | ||
| 942 | |n 1 | ||
| 952 | |0 0 |1 0 |4 0 |7 1 |9 49660 |a Arxiu |b Arxiu |d 2016-12-01 |l 0 |r 2016-12-01 00:00:00 |w 2016-12-01 |y ARXIU | ||
| 999 | |c 53502 |d 53502 | ||